Legendy Manchesteru United (Manchester United legends) - Statystyki

Ogólne statystyki
  • Ten quiz został rozwiązany 318 razy
  • Średni wynik to 8 z 10
Statystyki odpowiedzi
Obrazkowy Odpowiedź % Poprawnych
Wayne Rooney
100%
Ryan Giggs
93%
Paul Scholes
92%
Rio Ferdinand
92%
Nemanja Vidic
86%
George Best
84%
Edwin van der Sar
79%
Eric Cantona
77%
Ruud van Nistelrooy
43%
Jaap Stam
42%
Nie znaleziono quizów pasujących do podanych kryteriów
Rozkład punktacji
Procent ludzi z każdym wynikiem
Percentyl według liczby udzielonych odpowiedzi
Twoja historia wyników
Nie rozwiązałeś tego quizu